| 000 | 00884cam a22002174a 4500 | ||
|---|---|---|---|
| 005 | 20250605164248.0 | ||
| 008 | 250528s ||||||||||||||||||||||||d | ||
| 035 | _a21620 | ||
| 020 | _a9780273706427 | ||
| 040 |
_aGR-AtMCL _bgre _dGR-AtMCL _eAACR2 |
||
| 245 | 1 | _aSTRATEGIC ENTREPRENEURSHIP | |
| 250 | _a4 | ||
| 260 |
_bPrentice Hall, _c2006 |
||
| 300 | _a613 | ||
| 505 | 0 | _aTHE ENTREPRENEUR AS AN INDIVIDUAL THE ENTREPRENEUR IN THE MACROECONOMIC ENVIRONMENT THE ENTREPRENEURIAL PROCESS AND NEW VENTURE CREATION CHOOSING A DIRECTION INITIATING AND DEVELOPING THE NEW VENT | |
| 520 | _aTHE ENTREPRENEUR AS AN INDIVIDUAL THE ENTREPRENEUR IN THE MACROECONOMIC ENVIRONMENT THE ENTREPRENEURIAL PROCESS AND NEW VENTURE CREATION CHOOSING A DIRECTION INITIATING AND DEVELOPING THE NEW VENT | ||
| 700 | 1 |
_aWickham Philip A _97522 |
|
| 942 | _cBK | ||
| 999 |
_c6681 _d6681 |
||